[Event "BCF-ch rapidplay 34th"]
[Site "Bingley"]
[Date "2023.04.16"]
[Round "9"]
[White "Bramson, Mike"]
[Black "Watson, Philip R"]
[Result "1-0"]
[WhiteElo "1816"]
[BlackElo "2104"]
[PlyCount "55"]
[EventDate "2023.04.15"]
[EventType "swiss (rapid)"]
[EventRounds "11"]
[EventCountry "ENG"]
[SourceTitle "CBM 213 Extra"]
[Source "ChessBase"]
[SourceDate "2023.05.31"]
[SourceVersion "1"]
[SourceVersionDate "2023.05.31"]
[SourceQuality "1"]

1. e4 c6 2. d4 d5 3. Nc3 dxe4 4. Bc4 Bf5 5. f3 Nf6 6. fxe4 Bxe4 7. Nxe4 Nxe4 8. Nf3 Nd6 9. Bb3 g6 10. 0-0 Bg7 11. Ne5 0-0 12. Qf3 e6 13. c3 Nd7 14. Ng4 Nf5 15. Qh3 Qh4 16. Qxh4 Nxh4 17. Nh6+ Bxh6 18. Bxh6 Rfe8 19. Rae1 a5 20. g4 a4 21. Bc2 f6 22. Re3 Re7 23. g5 Nf5 24. Bxf5 gxf5 25. Rxf5 fxg5 26. Rxg5+ Kh8 27. Reg3 Ra6 28. Rg8# 1-0

[Event "BCF-ch rapidplay 34th"]
[Site "Bingley"]
[Date "2023.04.15"]
[Round "3"]
[White "Bramson, Mike"]
[Black "Mosnegutu, Klaus"]
[Result "0-1"]
[WhiteElo "1816"]
[BlackElo "2180"]
[PlyCount "42"]
[EventDate "2023.04.15"]
[EventType "swiss (rapid)"]
[EventRounds "11"]
[EventCountry "ENG"]
[SourceTitle "CBM 213 Extra"]
[Source "ChessBase"]
[SourceDate "2023.05.31"]
[SourceVersion "1"]
[SourceVersionDate "2023.05.31"]
[SourceQuality "1"]

1. e4 c5 2. Nf3 d6 3. Nc3 a6 4. a4 Nf6 5. Bc4 Bg4 6. d3 e6 7. Be3 d5 8. e5 Nfd7 9. Bg5 Qa5 10. Bxd5 exd5 11. 0-0 Be6 12. d4 Nc6 13. Re1 cxd4 14. Nxd4 Nxd4 15. Qxd4 Bc5 16. Qh4 Qb6 17. Rad1 h6 18. Re2 Nf8 19. Be3 Bxe3 20. Rxe3 Ng6 21. a5 Qxe3 0-1

[Event "Leamington Spa 4NCL op-A 28th"]
[Site "Leamington Spa"]
[Date "2022.07.10"]
[Round "5"]
[White "Basson, Heinrich"]
[Black "Bramson, Mike"]
[Result "1/2-1/2"]
[WhiteElo "1820"]
[BlackElo "1836"]
[PlyCount "53"]
[EventDate "2022.07.08"]
[EventType "swiss"]
[EventRounds "5"]
[EventCountry "ENG"]
[SourceTitle "EXT 2023"]
[Source "ChessBase"]
[SourceDate "2022.10.05"]
[SourceVersion "1"]
[SourceVersionDate "2022.10.05"]
[SourceQuality "1"]

1. d4 d5 2. Nf3 Nf6 3. Bf4 c5 4. c3 e6 5. e3 Nc6 6. Nbd2 Be7 7. h3 Bd7 8. Bd3 Qb6 9. Rb1 Rc8 10. 0-0 0-0 11. Qe2 Qd8 12. a3 c4 13. Bc2 b5 14. e4 dxe4 15. Nxe4 Nxe4 16. Qxe4 f5 17. Qe2 Bf6 18. Rbd1 Ne7 19. Bd6 Re8 20. Bxe7 Rxe7 21. Ne5 Bc6 22. Nxc6 Rxc6 23. Rfe1 Rd6 24. Qf3 Red7 25. Ra1 g6 26. a4 b4 27. Bd1 1/2-1/2

[Event "ECF Charity Marathon UKR"]
[Site "Chess.com INT"]
[Date "2022.04.02"]
[Round "?"]
[White "Franchuk, Serhiy"]
[Black "Bramson, Mike"]
[Result "1-0"]
[WhiteElo "2026"]
[BlackElo "1821"]
[PlyCount "75"]
[EventDate "2022.04.02"]
[EventType "swiss (blitz)"]
[EventRounds "74"]
[EventCountry "USA"]
[SourceTitle "CBM 207 Extra"]
[Source "ChessBase"]
[SourceDate "2022.05.31"]
[SourceVersion "1"]
[SourceVersionDate "2022.05.31"]
[SourceQuality "1"]

1. e4 e5 2. Nf3 Nc6 3. Nc3 a6 4. a4 Bc5 5. Nxe5 Nf6 6. Nd3 Ba7 7. Be2 0-0 8. 0-0 Re8 9. Bf3 Nd4 10. Nd5 c6 11. Nxf6+ Qxf6 12. c3 Ne6 13. Ne1 d6 14. d4 Nf4 15. Nd3 Nxd3 16. Qxd3 d5 17. e5 Qh4 18. g3 Qh3 19. Bg2 Qh5 20. f4 Bf5 21. Qd1 Bg4 22. Bf3 Bxf3 23. Qxf3 Qh3 24. g4 Qh4 25. Bd2 f6 26. Rae1 fxe5 27. fxe5 Rf8 28. Qg3 Qxg3+ 29. hxg3 Rae8 30. Rxf8+ Kxf8 31. Rf1+ Ke7 32. Bg5+ Kd7 33. Rf7+ Kc8 34. Rxg7 Rxe5 35. Rg8+ Kd7 36. Bf4 Re2 37. Rg7+ Ke6 38. Rxb7 1-0

[Event "ECF Charity Marathon UKR"]
[Site "Chess.com INT"]
[Date "2022.04.02"]
[Round "?"]
[White "Shearsby, Jude"]
[Black "Bramson, Mike"]
[Result "1-0"]
[WhiteElo "1814"]
[BlackElo "1821"]
[PlyCount "35"]
[EventDate "2022.04.02"]
[EventType "swiss (blitz)"]
[EventRounds "74"]
[EventCountry "USA"]
[SourceTitle "CBM 207 Extra"]
[Source "ChessBase"]
[SourceDate "2022.05.31"]
[SourceVersion "1"]
[SourceVersionDate "2022.05.31"]
[SourceQuality "1"]

1. e4 e5 2. Nf3 Nc6 3. Bb5 a6 4. Ba4 d6 5. d4 Bd7 6. dxe5 b5 7. Bb3 dxe5 8. Ng5 Nh6 9. Qf3 Be7 10. Nxf7 0-0 11. Nxh6+ Kh8 12. Nf7+ Rxf7 13. Qxf7 Bc5 14. 0-0 Bg4 15. Bd5 Nd4 16. Bxa8 Qxa8 17. Qd5 Qe8 18. Qxc5 1-0

[Event "Checkmate Covid Rematch"]
[Site "Chess.com INT"]
[Date "2021.06.06"]
[Round "?"]
[White "Bramson, Mike"]
[Black "Arkell, Keith C"]
[Result "0-1"]
[WhiteElo "1801"]
[BlackElo "2381"]
[PlyCount "90"]
[EventDate "2021.06.05"]
[EventType "swiss (blitz)"]
[EventRounds "20"]
[EventCountry "ENG"]
[SourceTitle "CBM 202 Extra"]
[Source "ChessBase"]
[SourceDate "2021.07.31"]
[SourceVersion "1"]
[SourceVersionDate "2021.07.31"]
[SourceQuality "1"]

1. e4 d5 2. d4 dxe4 3. Nc3 Nf6 4. Bc4 Bg4 5. f3 exf3 6. Nxf3 e6 7. 0-0 Nc6 8. Be3 Be7 9. h4 0-0 10. Qe1 Bxf3 11. Rxf3 Nxd4 12. Rf2 Nf5 13. Rd1 Bd6 14. Bf4 Ng4 15. Bxd6 cxd6 16. Rf4 h5 17. Ne4 Qb6+ 18. Kh1 Rad8 19. Ng5 Qe3 20. Qxe3 Nfxe3 21. Re1 Nxc4 22. Rxc4 Rd7 23. Ra4 a6 24. Ra5 d5 25. Nf3 Rc8 26. c3 Rdc7 27. Ne5 Nxe5 28. Rxe5 Rc4 29. Rxh5 g6 30. Rg5 Rxh4+ 31. Kg1 Kg7 32. b4 Rxc3 33. b5 Rc1+ 34. Kf2 Rc2+ 35. Ke3 Re4+ 36. Kd3 Rc5 37. a4 Kf6 38. Rg3 Rb4 39. Rf3+ Ke7 40. Rh3 e5 41. Kd2 Rb2+ 42. Kd1 Rxg2 43. Rh8 axb5 44. Raa8 bxa4 45. Rab8 Rb5 0-1

[Event "Checkmate Covid Rematch"]
[Site "Chess.com INT"]
[Date "2021.06.06"]
[Round "?"]
[White "Bramson, Mike"]
[Black "Royal, Shreyas"]
[Result "0-1"]
[WhiteElo "1801"]
[BlackElo "2121"]
[PlyCount "40"]
[EventDate "2021.06.05"]
[EventType "swiss (blitz)"]
[EventRounds "20"]
[EventCountry "ENG"]
[SourceTitle "CBM 202 Extra"]
[Source "ChessBase"]
[SourceDate "2021.07.31"]
[SourceVersion "1"]
[SourceVersionDate "2021.07.31"]
[SourceQuality "1"]

1. e4 e5 2. Nc3 Nf6 3. Bc4 Bc5 4. d3 Nc6 5. Be3 Be7 6. Nf3 d6 7. h3 h6 8. Nd5 Be6 9. c3 Qd7 10. Qd2 Bxd5 11. exd5 Na5 12. b4 Nxc4 13. dxc4 a5 14. c5 dxc5 15. bxc5 Qxd5 16. Qxd5 Nxd5 17. Nxe5 Nxe3 18. fxe3 Bf6 19. Rb1 Bxe5 20. Rxb7 0-0 0-1

[Event "Checkmate Covid Rematch"]
[Site "Chess.com INT"]
[Date "2021.06.06"]
[Round "?"]
[White "Bramson, Mike"]
[Black "Sedgwick, David"]
[Result "0-1"]
[WhiteElo "1801"]
[BlackElo "1874"]
[PlyCount "98"]
[EventDate "2021.06.05"]
[EventType "swiss (blitz)"]
[EventRounds "20"]
[EventCountry "ENG"]
[SourceTitle "CBM 202 Extra"]
[Source "ChessBase"]
[SourceDate "2021.07.31"]
[SourceVersion "1"]
[SourceVersionDate "2021.07.31"]
[SourceQuality "1"]

1. e4 e5 2. Nc3 Nf6 3. Bc4 Nc6 4. d3 Bc5 5. Nf3 d6 6. Be3 Bb6 7. 0-0 Bg4 8. h3 Bxf3 9. Qxf3 Bxe3 10. fxe3 0-0 11. Qg3 Nh5 12. Qg4 Nf6 13. Qh4 Nd7 14. Qg3 Nb6 15. Bb3 Na5 16. Rf5 Nxb3 17. axb3 f6 18. Raf1 Qe7 19. Qh4 Nd7 20. Nd5 Qf7 21. Nxc7 Rac8 22. Nd5 Rxc2 23. Rh5 g6 24. Rh6 f5 25. Kh2 Nf6 26. Nxf6+ Qxf6 27. Rxh7 Qxh4 28. Rxh4 fxe4 29. Rxf8+ Kxf8 30. Rxe4 Rxb2 31. Rb4 b6 32. Kg3 Rd2 33. d4 Rd3 34. Kf2 exd4 35. Rxd4 Rxb3 36. Rxd6 a5 37. Rxg6 a4 38. Rg4 a3 39. Ra4 b5 40. Ra7 Rb2+ 41. Kf3 a2 42. h4 b4 43. h5 b3 44. g4 Rb1 45. g5 a1Q 46. Rxa1 Rxa1 47. h6 b2 48. g6 b1Q 49. g7+ Kg8 0-1

[Event "Checkmate Covid Rematch"]
[Site "Chess.com INT"]
[Date "2021.06.06"]
[Round "?"]
[White "Bramson, Mike"]
[Black "Shepley, Julien M"]
[Result "1-0"]
[WhiteElo "1801"]
[BlackElo "1913"]
[PlyCount "49"]
[EventDate "2021.06.05"]
[EventType "swiss (blitz)"]
[EventRounds "20"]
[EventCountry "ENG"]
[SourceTitle "CBM 202 Extra"]
[Source "ChessBase"]
[SourceDate "2021.07.31"]
[SourceVersion "1"]
[SourceVersionDate "2021.07.31"]
[SourceQuality "1"]

1. e4 d5 2. exd5 Qxd5 3. Nc3 Qd6 4. Nf3 Nf6 5. Be2 c6 6. 0-0 Bg4 7. d4 e6 8. Be3 Nbd7 9. Ne5 Bxe2 10. Qxe2 Nxe5 11. dxe5 Qxe5 12. Rfe1 Qc7 13. Bg5 Be7 14. Rad1 0-0 15. Qe3 Rad8 16. Bf4 Qb6 17. Qg3 Rxd1 18. Rxd1 Rd8 19. Rxd8+ Bxd8 20. Be5 h6 21. Ne4 Qb4 22. f3 Kf8 23. Bd6+ Be7 24. Bxb4 Bxb4 25. Qb8+ 1-0

[Event "Checkmate Covid Rematch"]
[Site "Chess.com INT"]
[Date "2021.06.06"]
[Round "?"]
[White "Bramson, Mike"]
[Black "Towers, Nigel S"]
[Result "1-0"]
[WhiteElo "1801"]
[BlackElo "1858"]
[PlyCount "81"]
[EventDate "2021.06.05"]
[EventType "swiss (blitz)"]
[EventRounds "20"]
[EventCountry "ENG"]
[SourceTitle "CBM 202 Extra"]
[Source "ChessBase"]
[SourceDate "2021.07.31"]
[SourceVersion "1"]
[SourceVersionDate "2021.07.31"]
[SourceQuality "1"]

1. e4 c6 2. Nc3 d5 3. d4 dxe4 4. Bc4 Nf6 5. f3 exf3 6. Nxf3 Bg4 7. Ne5 Be6 8. Bxe6 fxe6 9. 0-0 Nbd7 10. Bf4 Nxe5 11. Bxe5 Qd7 12. Qe2 Nd5 13. Qe4 0-0-0 14. Rf7 Qe8 15. Rf3 Nf6 16. Qd3 Qh5 17. Qc4 Nd5 18. Qa4 a6 19. Raf1 Rg8 20. Qc4 g5 21. Qc5 Bg7 22. Nxd5 exd5 23. Qxe7 Bxe5 24. Qxe5 Rge8 25. Qf5+ Kc7 26. h3 Re7 27. Qd3 Rde8 28. Qd2 g4 29. hxg4 Qxg4 30. Rf7 Qe6 31. Rxe7+ Rxe7 32. Qa5+ Kb8 33. Qd8+ Ka7 34. Qf8 Qe3+ 35. Qf2 Qg5 36. c4 dxc4 37. d5+ b6 38. dxc6 Qe5 39. Rd1 Kb8 40. Qxb6+ Kc8 41. Rd8# 1-0

[Event "Checkmate Covid Rematch"]
[Site "Chess.com INT"]
[Date "2021.06.06"]
[Round "?"]
[White "Bramson, Mike"]
[Black "Zabrocki, Philip"]
[Result "0-1"]
[WhiteElo "1801"]
[BlackElo "1948"]
[PlyCount "80"]
[EventDate "2021.06.05"]
[EventType "swiss (blitz)"]
[EventRounds "20"]
[EventCountry "ENG"]
[SourceTitle "CBM 202 Extra"]
[Source "ChessBase"]
[SourceDate "2021.07.31"]
[SourceVersion "1"]
[SourceVersionDate "2021.07.31"]
[SourceQuality "1"]

1. e4 e6 2. Nc3 d5 3. d4 Bb4 4. Bd3 c5 5. e5 cxd4 6. Bb5+ Bd7 7. Bxd7+ Qxd7 8. Qxd4 Nc6 9. Qg4 f5 10. Qg3 0-0-0 11. a3 Ba5 12. b4 Bc7 13. f4 Nh6 14. Nf3 Rhg8 15. b5 Na5 16. Nd4 Nf7 17. h4 Nc4 18. 0-0 Bb6 19. Qd3 h6 20. a4 g5 21. a5 Bc5 22. Na4 Qe7 23. Kh2 gxh4 24. Nxc5 Qxc5 25. Nxe6 Qe7 26. Nxd8 Rxd8 27. Qxf5+ Kb8 28. Qf6 Qxf6 29. exf6 Nfd6 30. f5 Ne4 31. Bf4+ Kc8 32. a6 b6 33. Rad1 Nxf6 34. Rd4 h5 35. Rfd1 Rg8 36. Be5 Ng4+ 37. Rxg4 hxg4 38. Rxd5 g3+ 39. Kh3 Ne3 40. f6 Nxd5 0-1

[Event "Checkmate Covid Rematch"]
[Site "Chess.com INT"]
[Date "2021.06.06"]
[Round "?"]
[White "Paul, Nathanael"]
[Black "Bramson, Mike"]
[Result "1-0"]
[WhiteElo "1993"]
[BlackElo "1801"]
[PlyCount "73"]
[EventDate "2021.06.05"]
[EventType "swiss (blitz)"]
[EventRounds "20"]
[EventCountry "ENG"]
[SourceTitle "CBM 202 Extra"]
[Source "ChessBase"]
[SourceDate "2021.07.31"]
[SourceVersion "1"]
[SourceVersionDate "2021.07.31"]
[SourceQuality "1"]

1. d4 e5 2. dxe5 d6 3. exd6 Bxd6 4. Nc3 Nf6 5. Nf3 0-0 6. Bd2 Re8 7. e3 Nc6 8. Bc4 Bg4 9. h3 Bh5 10. g4 Bg6 11. Nh4 Qe7 12. Nxg6 hxg6 13. Qe2 Rad8 14. 0-0-0 Ne5 15. Bb3 a5 16. f4 Nc6 17. Rde1 Ne4 18. Nxe4 Qxe4 19. Qd3 Qxd3 20. cxd3 Nb4 21. Bc4 c6 22. a3 Nd5 23. Bxd5 cxd5 24. e4 dxe4 25. dxe4 b5 26. e5 Bc7 27. Rd1 g5 28. Be3 gxf4 29. Rxd8 Rxd8 30. Bxf4 f6 31. Re1 fxe5 32. Bxe5 Re8 33. Bc3 Rc8 34. Kb1 Kf7 35. Re4 Rh8 36. Re3 Kg6 37. Re7 1-0

[Event "Checkmate Covid Rematch"]
[Site "Chess.com INT"]
[Date "2021.06.06"]
[Round "?"]
[White "Royal, Shreyas"]
[Black "Bramson, Mike"]
[Result "1-0"]
[WhiteElo "2121"]
[BlackElo "1801"]
[PlyCount "77"]
[EventDate "2021.06.05"]
[EventType "swiss (blitz)"]
[EventRounds "20"]
[EventCountry "ENG"]
[SourceTitle "CBM 202 Extra"]
[Source "ChessBase"]
[SourceDate "2021.07.31"]
[SourceVersion "1"]
[SourceVersionDate "2021.07.31"]
[SourceQuality "1"]

1. d4 d5 2. c4 e6 3. Nf3 Nf6 4. g3 Bb4+ 5. Bd2 c5 6. Bxb4 cxb4 7. a3 bxa3 8. Nxa3 0-0 9. Bg2 Nc6 10. 0-0 a6 11. Ne5 Nd7 12. cxd5 Ncxe5 13. dxe5 Nxe5 14. Qd4 Nc6 15. Qc4 exd5 16. Bxd5 Bh3 17. Rfd1 Qf6 18. Rd2 Rad8 19. Rad1 Ne5 20. Qf4 Qxf4 21. gxf4 Ng6 22. Bxf7+ Rxf7 23. Rxd8+ Rf8 24. e3 Bg4 25. Rxf8+ Kxf8 26. Rd8+ Ke7 27. Rb8 Bf3 28. h3 Nh4 29. Kh2 Nf5 30. Nc4 b5 31. Ne5 Be4 32. f3 Bc2 33. Rb7+ Kf6 34. e4 Nd4 35. Rf7+ Ke6 36. Rxg7 h5 37. Rg6+ Ke7 38. Rxa6 h4 39. Ng6+ 1-0

[Event "Checkmate Covid Rematch"]
[Site "Chess.com INT"]
[Date "2021.06.06"]
[Round "?"]
[White "Towers, Nigel S"]
[Black "Bramson, Mike"]
[Result "1-0"]
[WhiteElo "1858"]
[BlackElo "1801"]
[PlyCount "75"]
[EventDate "2021.06.05"]
[EventType "swiss (blitz)"]
[EventRounds "20"]
[EventCountry "ENG"]
[SourceTitle "CBM 202 Extra"]
[Source "ChessBase"]
[SourceDate "2021.07.31"]
[SourceVersion "1"]
[SourceVersionDate "2021.07.31"]
[SourceQuality "1"]

1. e4 e5 2. Bc4 Nc6 3. d3 Nf6 4. Nc3 Bc5 5. f4 d6 6. Nf3 0-0 7. Na4 exf4 8. Nxc5 dxc5 9. Bxf4 Nd4 10. 0-0 Bg4 11. Be3 Nxf3+ 12. gxf3 Bh3 13. Rf2 c6 14. f4 b5 15. Bb3 c4 16. dxc4 Nxe4 17. Rf3 Bg4 18. Qxd8 Raxd8 19. Rff1 Nd2 20. Bxd2 Rxd2 21. cxb5 cxb5 22. Rf2 Rfd8 23. Re1 h5 24. Rxd2 Rxd2 25. Re7 Bh3 26. Rxf7 Kh7 27. Re7 h4 28. Re5 Kg6 29. Rg5+ Kf6 30. Rh5 Rd1+ 31. Kf2 Rf1+ 32. Ke3 Bg2 33. Rxh4 g5 34. fxg5+ Kxg5 35. Rh8 Rf3+ 36. Kd4 Bf1 37. Rg8+ Kf6 38. Rf8+ 1-0

[Event "Checkmate Covid Rematch"]
[Site "Chess.com INT"]
[Date "2021.06.06"]
[Round "?"]
[White "Towers, Nigel S"]
[Black "Bramson, Mike"]
[Result "1-0"]
[WhiteElo "1858"]
[BlackElo "1801"]
[PlyCount "41"]
[EventDate "2021.06.05"]
[EventType "swiss (blitz)"]
[EventRounds "20"]
[EventCountry "ENG"]
[SourceTitle "CBM 202 Extra"]
[Source "ChessBase"]
[SourceDate "2021.07.31"]
[SourceVersion "1"]
[SourceVersionDate "2021.07.31"]
[SourceQuality "1"]

1. e4 e5 2. Bc4 Nc6 3. d3 Nf6 4. Nc3 Bc5 5. f4 0-0 6. Nf3 exf4 7. Bxf4 d5 8. exd5 Re8+ 9. Kd2 Nb4 10. a3 Nbxd5 11. Nxd5 Nxd5 12. Bxd5 Qxd5 13. Re1 Bg4 14. c4 Qf5 15. Be3 Bxe3+ 16. Rxe3 Rxe3 17. Kxe3 Re8+ 18. Kf2 Qc5+ 19. d4 Qxc4 20. Rc1 Qb3 21. Qxb3 1-0

[Event "Checkmate Covid Rematch"]
[Site "Chess.com INT"]
[Date "2021.06.05"]
[Round "?"]
[White "Bramson, Mike"]
[Black "McCarthy, Kevin"]
[Result "1-0"]
[WhiteElo "1801"]
[BlackElo "2012"]
[PlyCount "127"]
[EventDate "2021.06.05"]
[EventType "swiss (blitz)"]
[EventRounds "20"]
[EventCountry "ENG"]
[SourceTitle "CBM 202 Extra"]
[Source "ChessBase"]
[SourceDate "2021.07.31"]
[SourceVersion "1"]
[SourceVersionDate "2021.07.31"]
[SourceQuality "1"]

1. e4 e5 2. Nc3 Bb4 3. Bc4 Bxc3 4. bxc3 Nf6 5. Nf3 Qe7 6. d3 0-0 7. 0-0 c6 8. Re1 d5 9. exd5 cxd5 10. Rxe5 Qd6 11. Bb3 Bg4 12. Bf4 Qc6 13. Qd2 Bxf3 14. gxf3 Nbd7 15. Rg5 d4 16. cxd4 Qxf3 17. Rg3 Qh5 18. Rg5 Qh4 19. Bg3 Qxd4 20. Re1 Rfe8 21. Rxe8+ Rxe8 22. Rf5 h6 23. c3 Qg4 24. Rf4 Qh3 25. Rh4 Qf5 26. Rf4 Qe5 27. d4 Qe2 28. Qxe2 Rxe2 29. Kf1 Rb2 30. Rf5 g6 31. Rb5 Kg7 32. Rxb7 a5 33. Be5 a4 34. Rxd7 axb3 35. axb3 Rxb3 36. Rd6 Rxc3 37. Bxf6+ Kh7 38. Rd8 g5 39. Kg2 Kg6 40. Be5 Kf5 41. Rd6 Ke4 42. f3+ Ke3 43. Kg3 f5 44. Rxh6 Rc2 45. d5 f4+ 46. Kg4 Rg2+ 47. Kf5 Kxf3 48. d6 Rd2 49. Rh7 g4 50. d7 g3 51. hxg3 fxg3 52. Rh3 Rxd7 53. Rxg3+ Ke2 54. Ke4 Rf7 55. Rg2+ Rf2 56. Rg3 Kd2 57. Bd4 Re2+ 58. Be3+ Kc2 59. Rf3 Kd1 60. Kd3 Re1 61. Rf2 Rh1 62. Rd2+ Ke1 63. Ra2 Rh3 64. Ra1# 1-0

[Event "BCF-chT3N 1920 (4NCL)"]
[Site "England"]
[Date "2020.02.09"]
[Round "6.202"]
[White "Whyte, Brian G"]
[Black "Bramson, Mike"]
[Result "1-0"]
[WhiteElo "2117"]
[BlackElo "1786"]
[PlyCount "110"]
[EventDate "2019.11.09"]
[EventType "team-swiss"]
[EventRounds "11"]
[EventCountry "ENG"]
[SourceTitle "EXT 2022"]
[Source "ChessBase"]
[SourceDate "2021.10.06"]
[SourceVersion "1"]
[SourceVersionDate "2021.10.06"]
[SourceQuality "1"]
[WhiteTeam "Shropshire"]
[BlackTeam "Bradford DCA Knights III"]
[WhiteTeamCountry "ENG"]
[BlackTeamCountry "ENG"]

1. c4 e5 2. g3 Nc6 3. Nc3 Nf6 4. Bg2 Bc5 5. e3 0-0 6. Nge2 d6 7. 0-0 Bg4 8. h3 Bh5 9. a3 a5 10. b3 Re8 11. d3 h6 12. Qc2 Qd7 13. Kh2 Rad8 14. e4 Nd4 15. Nxd4 exd4 16. Ne2 Bxe2 17. Qxe2 b5 18. Bd2 bxc4 19. dxc4 Nxe4 20. Bxe4 d5 21. cxd5 Qxd5 22. Rfe1 Qxb3 23. Qd3 Qb6 24. Rab1 Qf6 25. Kg2 Bb6 26. Qf3 Qxf3+ 27. Kxf3 Re6 28. Bd3 Rf6+ 29. Kg2 Re6 30. a4 Rde8 31. Rxe6 Rxe6 32. Re1 Kf8 33. Rxe6 fxe6 34. Bf4 Ke7 35. Kf3 c5 36. Ke4 Kf7 37. Bb8 Kf6 38. Bc4 h5 39. h4 g6 40. Bd6 g5 41. hxg5+ Kxg5 42. Be7+ Kg6 43. Ke5 d3 44. Bxd3+ Kf7 45. Bh4 c4 46. Bxc4 Bxf2 47. Bxe6+ Kg6 48. Kf4 Be1 49. Bf5+ Kh6 50. Bd7 Bd2+ 51. Kf3 Bb4 52. Bd8 Bd2 53. Kg2 Kg6 54. Be8+ Kh6 55. Kh3 Kg7 1-0

[Event "BCF-chT3N 1920 (4NCL)"]
[Site "England"]
[Date "2020.02.08"]
[Round "5.201"]
[White "Bramson, Mike"]
[Black "Lonsdale, Jon I"]
[Result "1/2-1/2"]
[WhiteElo "1786"]
[BlackElo "1840"]
[PlyCount "108"]
[EventDate "2019.11.09"]
[EventType "team-swiss"]
[EventRounds "11"]
[EventCountry "ENG"]
[SourceTitle "EXT 2022"]
[Source "ChessBase"]
[SourceDate "2021.10.06"]
[SourceVersion "1"]
[SourceVersionDate "2021.10.06"]
[SourceQuality "1"]
[WhiteTeam "Bradford DCA Knights III"]
[BlackTeam "Manchester Manticores III"]
[WhiteTeamCountry "ENG"]
[BlackTeamCountry "ENG"]

1. e4 c5 2. Nf3 Nc6 3. Nc3 e5 4. Bc4 Be7 5. d3 Nf6 6. Nd2 0-0 7. Nf1 a6 8. a4 Nb4 9. Ne3 d6 10. 0-0 Be6 11. Ncd5 Nbxd5 12. exd5 Bc8 13. f4 exf4 14. Rxf4 Nd7 15. Nf5 Ne5 16. Nxe7+ Qxe7 17. Qe2 Bd7 18. Bd2 Rae8 19. Re1 f6 20. Bc3 Qd8 21. Qh5 Ng6 22. Rfe4 Rxe4 23. Rxe4 Be8 24. Qe2 Bf7 25. h4 Re8 26. h5 Nf4 27. Rxe8+ Qxe8 28. Qd2 Ne2+ 29. Kf2 Nxc3 30. bxc3 Bxh5 31. d4 cxd4 32. Qxd4 Qxa4 33. Qe4 Bf7 34. Qg4 Qe8 35. Bd3 Bxd5 36. Qf5 Qe6 37. Qxh7+ Kf8 38. Qh8+ Qg8 39. Qh5 Ke7 40. Qh4 Kd8 41. c4 Be6 42. Qf4 Kd7 43. Be4 Bxc4 44. Bxb7 Qe6 45. Be4 Kc7 46. Qe3 d5 47. Qa7+ Kd6 48. Bf3 g5 49. c3 Qe8 50. Qb6+ Ke7 51. Qa7+ Kf8 52. Bh5 Qe7 53. Qb8+ Kg7 54. Qb1 Qc5+ 1/2-1/2

[Event "BCF-chT3N 1920 (4NCL)"]
[Site "England"]
[Date "2020.01.12"]
[Round "4.74"]
[White "Collins, Richard Arnold"]
[Black "Bramson, Mike"]
[Result "0-1"]
[WhiteElo "1990"]
[BlackElo "1786"]
[PlyCount "66"]
[EventDate "2019.11.09"]
[EventType "team-swiss"]
[EventRounds "11"]
[EventCountry "ENG"]
[SourceTitle "EXT 2022"]
[Source "ChessBase"]
[SourceDate "2021.10.06"]
[SourceVersion "1"]
[SourceVersionDate "2021.10.06"]
[SourceQuality "1"]
[WhiteTeam "Manchester Manticores II"]
[BlackTeam "Bradford DCA Knights II"]
[WhiteTeamCountry "ENG"]
[BlackTeamCountry "ENG"]

1. e4 e5 2. Nf3 Nc6 3. Bb5 a6 4. Ba4 d6 5. 0-0 Bd7 6. c3 Nge7 7. d4 Ng6 8. Re1 Be7 9. Nbd2 h6 10. Nf1 Bg5 11. Ng3 Bxc1 12. Rxc1 0-0 13. Bc2 Bg4 14. d5 Nce7 15. h3 Bd7 16. c4 Nf4 17. Kh2 f5 18. exf5 Nxf5 19. Nxf5 Bxf5 20. Bxf5 Rxf5 21. g3 Ng6 22. Re4 Qf6 23. Rc3 Rf8 24. Kg2 Rg5 25. Kh2 Rh5 26. Kg2 Nf4+ 27. Kf1 Rxh3 28. gxf4 Rh1+ 29. Ng1 Rxg1+ 30. Kxg1 Qg6+ 31. Kf1 Qxe4 32. fxe5 Qh4 33. Ke2 Rxf2+ 0-1

[Event "BCF-chT3N 1920 (4NCL)"]
[Site "England"]
[Date "2020.01.11"]
[Round "3.32"]
[White "Bramson, Mike"]
[Black "Adams, Philip"]
[Result "1/2-1/2"]
[WhiteElo "1786"]
[BlackElo "2042"]
[PlyCount "48"]
[EventDate "2019.11.09"]
[EventType "team-swiss"]
[EventRounds "11"]
[EventCountry "ENG"]
[SourceTitle "EXT 2022"]
[Source "ChessBase"]
[SourceDate "2021.10.06"]
[SourceVersion "1"]
[SourceVersionDate "2021.10.06"]
[SourceQuality "1"]
[WhiteTeam "Bradford DCA Knights II"]
[BlackTeam "3C's II"]
[WhiteTeamCountry "ENG"]
[BlackTeamCountry "ENG"]

1. e4 c5 2. Nf3 Nc6 3. Nc3 e6 4. d4 cxd4 5. Nxd4 Nf6 6. g3 Bb4 7. Bg2 0-0 8. 0-0 d6 9. Be3 Nxd4 10. Qxd4 Qa5 11. a3 Bc5 12. Qd3 Bxe3 13. Qxe3 a6 14. Rad1 Qc7 15. Rd2 e5 16. Rfd1 Rd8 17. h3 b5 18. f4 Bb7 19. Kh2 h5 20. fxe5 dxe5 21. Qg5 Rxd2 22. Rxd2 Qe7 23. Qe3 Rd8 24. Rd3 Rxd3 1/2-1/2

[Event "BCF-chT3N 1920 (4NCL)"]
[Site "England"]
[Date "2019.11.09"]
[Round "1.11"]
[White "Rawlinson, Aidan"]
[Black "Bramson, Mike"]
[Result "1-0"]
[WhiteElo "2170"]
[BlackElo "1786"]
[PlyCount "83"]
[EventDate "2019.11.09"]
[EventType "team-swiss"]
[EventRounds "11"]
[EventCountry "ENG"]
[SourceTitle "EXT 2022"]
[Source "ChessBase"]
[SourceDate "2021.10.06"]
[SourceVersion "1"]
[SourceVersionDate "2021.10.06"]
[SourceQuality "1"]
[WhiteTeam "Manchester Manticores II"]
[BlackTeam "Bradford DCA Knights III"]
[WhiteTeamCountry "ENG"]
[BlackTeamCountry "ENG"]

1. d4 d5 2. c4 e6 3. Nf3 Nf6 4. g3 Be7 5. Bg2 0-0 6. 0-0 c6 7. Qc2 Nbd7 8. Nbd2 Re8 9. e4 dxe4 10. Nxe4 Nxe4 11. Qxe4 Nf6 12. Qc2 Bd6 13. Rd1 Qe7 14. a3 a5 15. c5 Bc7 16. Re1 Rd8 17. Bd2 h6 18. Qc1 Kh7 19. Bf4 Nd5 20. Bxc7 Qxc7 21. Ne5 Nf6 22. Qf4 Kg8 23. Qh4 Bd7 24. Nc4 Rf8 25. Rad1 Rad8 26. Bf3 Bc8 27. Be4 Nd5 28. Bc2 Rde8 29. Qe4 f5 30. Qd3 Rf6 31. Qd2 Ref8 32. Qxa5 Qf7 33. Qd2 f4 34. Qd3 g5 35. Ne5 Qg7 36. Kh1 Bd7 37. Qh7+ Qxh7 38. Bxh7+ Kxh7 39. Nxd7 fxg3 40. fxg3 Kg6 41. Rxe6 Kf5 42. Nxf8 1-0